| 000 | 00718nam a2200193Ia 4500 | ||
|---|---|---|---|
| 003 | GCL | ||
| 008 | 140319s9999 xx 000 0 ara d | ||
| 040 |
_aGCL / _cGCL |
||
| 082 | 0 | 4 |
_a027.625 _bم ح |
| 100 | 1 | _aحامد الجوهرى | |
| 245 | 1 | 0 |
_aمكتبات الاطفال والناشئة: الخدمة المكتبية - الاجراءات الفنية- التجهيزات / _cحامد الجوهرى |
| 260 |
_a[S.N] : _bالعربى للنشر والتوزيع |
||
| 300 | _a157 ص | ||
| 490 |
_aدراسات فى الكتب والمعلومات _v0 |
||
| 650 | 0 | 4 | _aمكتبات الاطفال |
| 650 | 0 | 4 | _aالخدمة المكتبية |
| 650 | 0 | 4 | _aالاجراءات الفنية |
| 942 |
_2ddc _cBK |
||
| 999 |
_c53019 _d53019 |
||